00730nam a2200253 a 4500001001300000003000900013005001700022008004100039020001200080082001900092100001900111245003000130260005100160300000900211500003500220505001700255650002500272700001600297700001400313902000800327942000700335952011900342999001500461nice12345678IN_TiNIC20260116011636.0050524s1969 pena grp 000 0 eng  ac234.500a909.04927bBRU aBruno, Cassier aIslamic Cityb Colloquium aPennsylvaniabUniversity of Pennsylvaniac1969 a222p aincludes index and biblioraphy2 aBibliography aCivilization-Islamic1 aA G Giyrabu1 aS M Stern bSRS cBK 001040708StackRoom-aHMIbHMId2007-06-05g234.50l0o909.04927 BRUp07495r2007-06-05v234.50w2005-05-24yBK c3068d3068